[Event "Vojvodina-chT"]
[Site "Sombor"]
[Date "2009.09.27"]
[Round "1"]
[White "Stajic, Petar"]
[Black "Gabric, Goran"]
[Result "1/2-1/2"]
[WhiteElo "2193"]
[BlackElo "2116"]
[PlyCount "72"]
[EventDate "2009.09.27"]
[EventType "team-swiss"]
[EventRounds "11"]
[EventCountry "YUG"]
[SourceTitle "EXT 2012"]
[Source "ChessBase"]
[SourceDate "2011.11.24"]
[SourceVersion "1"]
[SourceVersionDate "2011.11.24"]
[SourceQuality "1"]

1. Nf3 Nf6 2. c4 e6 3. g3 d5 4. Bg2 Be7 5. 0-0 0-0 6. d4 c6 7. Nbd2 Nbd7 8. Qc2 Re8 9. e4 Nxe4 10. Nxe4 dxe4 11. Qxe4 c5 12. Be3 Qb6 13. b3 Nf6 14. dxc5 Bxc5 15. Bxc5 Qxc5 16. Qe5 Qb6 17. c5 Qa6 18. Rfd1 Bd7 19. Nd4 Bc6 20. Bf1 Qa5 21. a3 Red8 22. b4 Qa4 23. Bc4 Be8 24. Bb3 Qa6 25. a4 Rac8 26. Qe1 b6 27. b5 Qb7 28. c6 Qc7 29. Nf3 Qe7 30. Rxd8 Rxd8 31. Rd1 Rd6 32. Rxd6 Qxd6 33. Qe5 Qd3 34. Qb8 Qxf3 35. c7 Qxb3 36. c8Q Qd1+ 1/2-1/2

[Event "SCG-chT 4th"]
[Site "Vrnjacka Banja"]
[Date "2006.05.07"]
[Round "7"]
[White "Popovic, Milos T"]
[Black "Stajic, Petar"]
[Result "1-0"]
[WhiteElo "2353"]
[BlackElo "2199"]
[PlyCount "61"]
[EventDate "2006.05.01"]
[EventType "team"]
[EventRounds "7"]
[EventCountry "YUG"]
[SourceTitle "CBM 112 Extra"]
[Source "ChessBase"]
[SourceDate "2006.07.14"]
[SourceVersion "1"]
[SourceVersionDate "2006.07.14"]
[SourceQuality "1"]

1. e4 c5 2. Nc3 Nc6 3. Bb5 g6 4. Bxc6 dxc6 5. d3 Bg7 6. f4 Nf6 7. Nf3 Bg4 8. 0-0 0-0 9. Be3 b6 10. Kh1 Qd7 11. Qe1 Bxf3 12. Rxf3 Ng4 13. Bg1 Rfe8 14. a4 Bd4 15. h3 Bxg1 16. hxg4 Bd4 17. Qh4 f6 18. f5 g5 19. Qh5 e6 20. fxe6 Qxe6 21. Raf1 Qf7 22. Nd1 Qxh5+ 23. gxh5 Re6 24. c3 Be5 25. Ne3 Rd8 26. Ng4 Rd7 27. h6 Rf7 28. Nxe5 Rxe5 29. Rxf6 Rxf6 30. Rxf6 Re7 31. Rxc6 1-0

[Event "SCG-chT 4th"]
[Site "Vrnjacka Banja"]
[Date "2006.05.06"]
[Round "6"]
[White "Stajic, Petar"]
[Black "Rabrenovic, Vladan"]
[Result "1/2-1/2"]
[WhiteElo "2199"]
[BlackElo "2328"]
[PlyCount "82"]
[EventDate "2006.05.01"]
[EventType "team"]
[EventRounds "7"]
[EventCountry "YUG"]
[SourceTitle "CBM 112 Extra"]
[Source "ChessBase"]
[SourceDate "2006.07.14"]
[SourceVersion "1"]
[SourceVersionDate "2006.07.14"]
[SourceQuality "1"]

1. Nf3 Nf6 2. c4 g6 3. g3 Bg7 4. Bg2 0-0 5. 0-0 d5 6. d4 Nc6 7. cxd5 Nxd5 8. e4 Nb6 9. d5 Na5 10. Nc3 c6 11. Nd4 e5 12. Nde2 cxd5 13. exd5 Nac4 14. b3 Nd6 15. Ba3 Re8 16. Rc1 Bh6 17. Bxd6 Bxc1 18. Qxc1 Qxd6 19. Nb5 Qd8 20. Nc7 Bg4 21. Nxa8 Bxe2 22. Re1 Nxa8 23. Rxe2 Qd6 24. Rc2 Nb6 25. Rc5 Re7 26. Qc3 f5 27. a4 Kf7 28. a5 Nd7 29. Rc8 Nf6 30. Qc4 e4 31. Bf1 Kg7 32. Qc3 h5 33. a6 Qxd5 34. Bc4 Qd1+ 35. Kg2 Qd6 36. Rg8+ Kh7 37. Rf8 Kg7 38. Rg8+ Kh6 39. Rf8 Kg7 40. Rg8+ Kh6 41. Rf8 Kg7 1/2-1/2

[Event "SCG-chT 4th"]
[Site "Vrnjacka Banja"]
[Date "2006.05.03"]
[Round "3"]
[White "Stajic, Petar"]
[Black "Vukic, Radivoje"]
[Result "0-1"]
[WhiteElo "2199"]
[BlackElo "2269"]
[PlyCount "74"]
[EventDate "2006.05.01"]
[EventType "team"]
[EventRounds "7"]
[EventCountry "YUG"]
[SourceTitle "CBM 112 Extra"]
[Source "ChessBase"]
[SourceDate "2006.07.14"]
[SourceVersion "1"]
[SourceVersionDate "2006.07.14"]
[SourceQuality "1"]

1. Nf3 d5 2. g3 c6 3. b3 Bg4 4. Bg2 Nd7 5. Bb2 Ngf6 6. d3 e6 7. Nbd2 Bd6 8. 0-0 0-0 9. c4 h6 10. Qc2 Qe7 11. e4 dxe4 12. dxe4 e5 13. h3 Bxf3 14. Bxf3 a5 15. Rfd1 Bc5 16. Nf1 Rfe8 17. Rd3 Nf8 18. Ne3 g6 19. h4 h5 20. Rad1 Ba3 21. Bc3 N6d7 22. Qe2 Nc5 23. R3d2 Bb4 24. Rc2 Bxc3 25. Rxc3 Nfe6 26. Nc2 Red8 27. Ne1 Rxd1 28. Qxd1 Rd8 29. Qe2 Qd6 30. Rc1 Kg7 31. Kg2 Nd4 32. Qe3 b6 33. Nc2 Nce6 34. Ne1 Qa3 35. Nd3 f6 36. g4 Nxf3 37. Qxf3 Rxd3 0-1

[Event "Vojvodina-chT"]
[Site "Pancevo"]
[Date "2005.10.04"]
[Round "2"]
[White "Orlov, Konstantin N"]
[Black "Stajic, Petar"]
[Result "1-0"]
[WhiteElo "2255"]
[BlackElo "2193"]
[PlyCount "91"]
[EventDate "2005.10.03"]
[EventType "team"]
[EventRounds "9"]
[EventCountry "YUG"]
[SourceTitle "CBM 108 Extra"]
[Source "ChessBase"]
[SourceDate "2005.11.04"]
[SourceVersion "1"]
[SourceVersionDate "2005.11.04"]
[SourceQuality "1"]

1. d4 Nf6 2. c4 g6 3. Nc3 d5 4. Nf3 Bg7 5. Qb3 dxc4 6. Qxc4 0-0 7. e4 c6 8. Be2 Nbd7 9. 0-0 Nb6 10. Qd3 a5 11. Rd1 Be6 12. Qc2 Qc8 13. b3 Bg4 14. Ba3 Re8 15. Ne5 Bxe2 16. Qxe2 Nfd7 17. f4 Nxe5 18. fxe5 Qe6 19. Qf2 Rad8 20. Ne2 Nc8 21. Nf4 Qd7 22. Qe1 Qg4 23. g3 b6 24. Bb2 Qd7 25. d5 Qc7 26. Rac1 c5 27. Nd3 Qb7 28. Qe3 Rf8 29. Rf1 Qd7 30. Rf3 Qb5 31. Rcf1 a4 32. Nf4 axb3 33. Qxb3 Qxb3 34. axb3 Na7 35. Ra1 Nb5 36. Ra6 Rb8 37. Rf2 Rfc8 38. e6 Bxb2 39. Rxb2 Nd4 40. Ra7 Ra8 41. Rb7 Rcb8 42. Rxb8+ Rxb8 43. Kf2 Ra8 44. Nd3 Ra3 45. Ne5 Kg7 46. Nc4 1-0

[Event "SCG-chT Vojvodina"]
[Site "Sombor"]
[Date "2004.09.28"]
[Round "6.5"]
[White "Visnjic, Dusan"]
[Black "Stajic, Petar"]
[Result "1/2-1/2"]
[WhiteElo "2186"]
[BlackElo "2210"]
[PlyCount "71"]
[EventDate "2004.09.25"]
[EventType "team"]
[EventRounds "11"]
[EventCountry "YUG"]
[SourceTitle "CBM 102 Extra"]
[Source "ChessBase"]
[SourceDate "2004.11.03"]
[SourceVersion "1"]
[SourceVersionDate "2004.11.03"]
[SourceQuality "1"]
[WhiteTeam "11"]
[BlackTeam "05"]
[WhiteTeamCountry "YUG"]
[BlackTeamCountry "YUG"]

1. c4 Nf6 2. Nf3 g6 3. Nc3 d5 4. cxd5 Nxd5 5. e4 Nxc3 6. bxc3 Bg7 7. Bc4 0-0 8. 0-0 c5 9. Rb1 Nc6 10. Re1 e5 11. d3 h6 12. Bd5 Qc7 13. Ba3 Ne7 14. Rb5 Nxd5 15. Rxc5 Qd6 16. exd5 Qa6 17. Bb4 Re8 18. d6 Bg4 19. h3 Bxf3 20. Qxf3 Qxd6 21. Rcxe5 Rxe5 22. Bxd6 Rxe1+ 23. Kh2 Bxc3 24. Qxb7 Rae8 25. Qxa7 Be5+ 26. Bxe5 R1xe5 27. Qd7 R5e7 28. Qd5 Ra7 29. d4 Rea8 30. Qc6 Rxa2 31. Qb7 R2a7 32. Qe4 Rd8 33. Qh4 Rad7 34. Qxh6 Rxd4 35. Qe3 Rd2 36. h4 1/2-1/2

[Event "SCG-chT Vojvodina"]
[Site "Sombor"]
[Date "2004.09.27"]
[Round "4.5"]
[White "Vajdic, Nikola"]
[Black "Stajic, Petar"]
[Result "0-1"]
[WhiteElo "2228"]
[BlackElo "2210"]
[PlyCount "74"]
[EventDate "2004.09.25"]
[EventType "team"]
[EventRounds "11"]
[EventCountry "YUG"]
[SourceTitle "CBM 102 Extra"]
[Source "ChessBase"]
[SourceDate "2004.11.03"]
[SourceVersion "1"]
[SourceVersionDate "2004.11.03"]
[SourceQuality "1"]
[WhiteTeam "06"]
[BlackTeam "05"]
[WhiteTeamCountry "YUG"]
[BlackTeamCountry "YUG"]

1. d4 Nf6 2. Nf3 g6 3. g3 Bg7 4. Bg2 0-0 5. c4 d5 6. cxd5 Nxd5 7. 0-0 Nb6 8. Nc3 Nc6 9. d5 Na5 10. Nd4 c6 11. Nb3 Nxd5 12. Nxd5 cxd5 13. Nxa5 Qxa5 14. Qxd5 Qxd5 15. Bxd5 Rd8 16. Bg2 Bg4 17. f3 Be6 18. Be3 b6 19. a4 Bxb2 20. Rab1 Bd4 21. Kf2 Rac8 22. Rb4 Bxe3+ 23. Kxe3 Rc3+ 24. Kf2 Rd2 25. Re4 Rc4 26. Ra1 Rxe4 27. fxe4 Bc4 28. Bf3 e5 29. Rc1 Be6 30. a5 bxa5 31. Rc5 a4 32. Ra5 Ra2 33. h3 h5 34. g4 h4 35. Rxe5 a3 36. Ra5 Ra1 37. e5 a2 0-1